La maldición de la inteligencia / (Record no. 192995)

MARC details
000 -LEADER
campo de control de longitud fija 01311nam a2200373 i 4500
001 - NÚMERO DE CONTROL
campo de control 192995
003 - IDENTIFICADOR DE NÚMERO DE CONTROL
campo de control SpMaBN
005 - FECHA Y HORA DE LA ÚLTIMA TRANSACCIÓN
campo de control 20240526062943.0
008 - DATOS DE LONGITUD FIJA--INFORMACIÓN GENERAL
campo de control de longitud fija 230720e2023 sp | |||| 000 0 spa
017 ## - NÚMERO DE COPYRIGHT O DE DEPÓSITO LEGAL
Número de copyright o de depósito legal B 17118-2014
Agencia que asigna Oficina Depósito Legal Barcelona
020 ## - NÚMERO INTERNACIONAL ESTÁNDAR DEL LIBRO
Número Internacional Estándar del Libro 9788416096824
035 ## - NÚMERO DE CONTROL DEL SISTEMA
Número de control de sistema (OCoLC)894650818
035 ## - NÚMERO DE CONTROL DEL SISTEMA
Número de control de sistema a5554702
040 ## - FUENTE DE CATALOGACIÓN
Centro catalogador/agencia de origen SpMaBN
Lengua de catalogación spa
Centro/agencia transcriptor SpMaBN
Normas de descripción rdc
Centro/agencia modificador Es-MaACL
080 ## - NÚMERO DE LA CLASIFICACIÓN DECIMAL UNIVERSAL
Número de la Clasificación Decimal Universal 159.924
100 1# - ENTRADA PRINCIPAL--NOMBRE DE PERSONA
Nombre de persona Sanz Chacón, Carmen
Número de control del registro de autoridad o número normalizado XX5429283
9 (RLIN) 233767
Término indicativo de función/relación Autor
245 13 - MENCIÓN DEL TÍTULO
Título La maldición de la inteligencia /
Mención de responsabilidad, etc. Carmen Sanz Chacón
246 0# - FORMA VARIANTE DEL TITULO
Texto de visualización Subtítulo de cubierta:
Título propio/Titulo breve Cómo lograr que ser superdotado sea una ventaja y no un problema
250 ## - MENCION DE EDICION
Mención de edición Vigésima edición: enero de 2023
260 ## - PUBLICACIÓN, DISTRIBUCIÓN, ETC.
Lugar de publicación, distribución, etc. Barcelona :
Nombre del editor, distribuidor, etc. Plataforma Editorial,
Fecha de publicación, distribución, etc. 2023
300 ## - DESCRIPCIÓN FÍSICA
Extensión 204 páginas ;
Dimensiones 22 cm
336 ## - TIPO DE CONTENIDO
Término de tipo de contenido Texto (visual)
Fuente isbdcontent
337 ## - TIPO DE MEDIO
Nombre/término del tipo de medio sin mediación
Fuente isbdmedia
490 1# - MENCIÓN DE SERIE
Mención de serie Plataforma actual
500 ## - NOTA GENERAL
Nota general Índice
504 ## - NOTA DE BIBLIOGRAFÍA, ETC.
Nota de bibliografía, etc. Bibliografía: páginas 197-204
650 #7 - PUNTO DE ACCESO ADICIONAL DE MATERIA--TÉRMINO DE MATERIA
Término de materia o nombre geográfico como elemento de entrada Personas superdotadas
Fuente del encabezamiento o término embne
9 (RLIN) 233768
650 #4 - PUNTO DE ACCESO ADICIONAL DE MATERIA--TÉRMINO DE MATERIA
Término de materia o nombre geográfico como elemento de entrada Inteligencia
9 (RLIN) 13860
830 ## - PUNTO DE ACCESO ADICIONAL DE SERIE-TÍTULO UNIFORME
9 (RLIN) 192007
Título uniforme Plataforma actual
852 ## - LOCALIZACIÓN
Ubicación ES-MaACL
Sublocalización o colección R.154414
Ubicación en estantería Depósito J
Donativo/Legado Donación: Editorial
Número de control de estantería N-8503
itemnumber 200299
942 ## - ELEMENTOS DE ENTRADA SECUNDARIOS (KOHA)
Tipo de ítem Koha Libro impreso
Suprimir en OPAC No
Holdings
Estatus retirado Estado de pérdida Fuente del sistema de clasificación o colocación Estado de daño No para préstamo Biblioteca de origen Biblioteca actual Ubicación en estantería Fecha de adquisición Fuente de adquisición Número de control de estantería Total de préstamos Signatura topográfica completa Código de barras Visto por última vez Tipo de ítem Koha
    Clasificación decimal universal     Biblioteca del Ateneo de Madrid Biblioteca del Ateneo de Madrid Depósito J 01/06/2023 Donación Ateneísta   N-8503 101205592 20/07/2023 Libro impreso